000 00595nas a2200205 a 4500
008 060619c20059999||||||||||||||||| || u
050 _aIBRD(08)
100 _aPreve, Lorenzo A
245 1 0 _aTrade credit and bank credit: evidence from recent financial crises
260 _aWashington D.C.:
_bWorld Bank
_c2005
300 _a31p. ; ill.
350 _a0.00
490 _aWorld Bank policy research working papers
650 0 _aCOMMERCE
650 0 _aECONOMICS
650 _aTRADE POLICY--ZIMBABWE
700 _aSarria-Allende, Virginia
700 _aLove, Inessa
710 _aWorld Bank
999 _c60156
_d60156